BABYMONSTER - Paroles PSYCHO - Statistiques

Statistiques générales
  • Ce quiz a été pris 40 fois
  • Le résultat moyen est 190 sur 302
Statistiques - réponses
Hint Réponse % Correct
hoo
100%
I
88%
you
88%
You
88%
a
84%
Oh,
84%
Ooh,
84%
(Mm,
81%
mm)
81%
Intro BABYMON
78%
has
78%
do
75%
don't
75%
me
75%
me,
75%
Psy
75%
psy
75%
(Psy
75%
Yeah,
75%
yeah,
75%
(Hashtag)
72%
(Hashtag),
72%
psycho)
72%
psycho
72%
psycho,
72%
Boo
69%
Every
69%
about
66%
I'm
66%
I'ma
66%
know
66%
my
66%
Pré-refrain Na
66%
na
66%
na,
66%
rose
66%
just
63%
like
63%
little
63%
name
63%
Ruk,
63%
Ruk
63%
Say
63%
tack
63%
that
63%
the
63%
Couplet 2 Tick
63%
Everybody
59%
everybody,
59%
no
59%
serious?
59%
so
59%
we
59%
Interlude Why
59%
are
56%
give
56%
in
56%
in,
56%
see
56%
door
53%
kick
53%
room,
53%
thorn
53%
too
53%
Couplet 1 Move,
50%
Playing
50%
problems
50%
toe
50%
wanna
50%
want
50%
Feeling
47%
games,
47%
it,
47%
it?
47%
Outro This
47%
ain't
44%
Bridge Can
44%
clue
44%
for
44%
got
44%
is
44%
not
44%
psychos
44%
anybody
41%
be
41%
you're
41%
and
38%
somebody,
38%
chilling,
34%
Get
34%
tell
34%
villain
34%
where
34%
who
34%
wish
34%
misunderstood
31%
Mood,
31%
out
31%
everything
28%
fit
28%
would,
28%
admit
25%
thrilling,
25%
did
22%
killing
22%
Shout
22%
won't
22%
could've
6%
should've,
6%
would've,
6%
Aucun quiz correspondant
Distribution des résultats
% des personnes avec chaque résultat
Percentile par nombre de réponses
Votre historique - résultats
Vous n’avez pas pris ce quiz